Every Named Jedi Council member in Canon - Statistiken

Allgemein
  • Dieses Quiz wurde 20 mal gespielt
  • Das Durchschnittsergebnis liegt bei 46 aus 109
Antwortstatistiken
Jedi High Council Antwort % Korrekt
19 BBY | 20 BBY | 21 BBY | 22 BBY Obi-Wan Kenobi
100%
19 BBY | 20 BBY | 21 BBY | +6 others Yoda
100%
19 BBY | 20 BBY | 21 BBY | +2 others Mace Windu
95%
19 BBY Anakin Skywalker
84%
19 BBY | 20 BBY | 21 BBY | 22 BBY Kit Fisto
74%
19 BBY | 20 BBY | 21 BBY | +2 others Ki-Adi-Mundi
68%
19 BBY | 20 BBY | 21 BBY | +2 others Plo Koon
68%
32 BBY Yaddle
68%
19 BBY | 20 BBY | 21 BBY | +2 others Adi Gallia
47%
22 BBY Coleman Trebor
47%
19 BBY | 20 BBY | 21 BBY | 22 BBY Shaak Ti
47%
229 BBY | 230 BBY | 232 BBY | 32 BBY Yarael Poof
42%
19 BBY Agen Kolar
37%
19 BBY | 20 BBY | 21 BBY | +2 others Saesee Tiin
37%
19 BBY | 20 BBY | 21 BBY | +2 others Eeth Koth
32%
19 BBY | 20 BBY | 21 BBY | +5 others Oppo Rancisis
32%
20 BBY | 21 BBY | 22 BBY | 32 BBY Even Piell
26%
19 BBY Stass Allie
26%
19 BBY Coleman Kcaj
21%
19 BBY | 22 BBY | 32 BBY Depa Billaba
21%
229 BBY | 230 BBY | 232 BBY Ada-Li Carro
5%
229 BBY | 230 BBY | 232 BBY Adampo
5%
382 BBY Char-Ryl-Roy
5%
382 BBY Dijuka
5%
382 BBY Ela Sutan
5%
232 BBY Jora Malli
5%
229 BBY | 230 BBY | 232 BBY Keaton Murag
5%
229 BBY | 230 BBY Pra-Tre Veter
5%
232 BBY Pre-Tre Veter
5%
232 BBY Rana Kant
5%
229 BBY | 230 BBY | 232 BBY Ry Ki-Sakka
5%
229 BBY | 230 BBY | 232 BBY Soleil Agra
5%
232 BBY Stellan Gios
5%
230 BBY Stellan Giost
5%
229 BBY | 230 BBY | 232 BBY Teri Rosason
5%
382 BBY Xinith Tarl
5%
229 BBY | 230 BBY | 232 BBY | 382 BBY Xo Lahru
5%
Keine übereinstimmenden Quizze gefunden
Verteilung der Resultate
Anzahl Personen mit jedem Resultat
Perzentil nach korrekt beantworteten Fragen
Ihre Resultats-Entwicklung
Sie haben dieses Quiz noch nicht gespielt